Statystyki dla Najpopularniejsze gry

Kliknij tutaj aby rozwiązać quiz!

Ogólne statystyki

  • Ten quiz został rozwiązany 5 096 razy
  • Średni wynik to 4 z 20

Statystyki odpowiedzi

Odpowiedź% Poprawnych
Minecraft
83%
Fortnite
76%
Roblox
50%
Fifa
43%
Counter Strike
39%
Wiedźmin
25%
Call Of Duty
23%
The Sims
16%
Forza
12%
Battlefield
9%
Gothic
5%
Diablo
4%
Super Mario Bros
3%
Uncharted
3%
Grand Theft Auto (GTA)
2%
Halo
2%
Just Dance
1%
The Legend of Zelda
1%
Gears Of War
0%
Rock Band
0%

Rozkład punktacji

Percentyl według liczby udzielonych odpowiedzi

Procent ludzi z każdym wynikiem

Twoja historia wyników

Nie rozwiązałeś tego quizu